Statistics for FIFA 17 Top 10 English Central Defenders

Click here to take the quiz!

General Stats

  • This quiz has been taken 63 times
  • The average score is 6 of 10

Answer Stats

Rank Player OVA % Correct
1John Terry84
93%
8John Stones78
90%
2Chris Smalling84
88%
3Gary Cahill83
88%
7Phil Jones79
81%
4Phil Jagielka82
74%
5Ryan Shawcross81
36%
9Michael Dawson77
34%
6Scott Dann79
21%
10Curtis Davies77
10%

Score Distribution

Percentile by Number Answered

Percent of People with Each Score

Your Score History

You have not taken this quiz